A színházlátogatás generációs eltérései Magyarországon
| Szerző: | |
|---|---|
| További közreműködők: | |
| Dokumentumtípus: | Diplomadolgozat |
| Kulcsszavak: | generációk közönségkutatás Magyarország színház színházkultúra |
| Online Access: | http://dolgozattar.uni-bge.hu/59567 |
MARC
| LEADER | 00000nta a2200000 i 4500 | ||
|---|---|---|---|
| 001 | dolg59567 | ||
| 005 | 20260409145236.0 | ||
| 008 | 260409suuuu hu om 000 hun d | ||
| 040 | |a BGE Dolgozattár Repozitórium |b hun | ||
| 041 | |a hu | ||
| 100 | 1 | |a Orbán Letícia | |
| 245 | 1 | 2 | |a A színházlátogatás generációs eltérései Magyarországon |c Orbán Letícia |h [elektronikus dokumentum] |
| 520 | 3 | |a Szakdolgozatom témájaként a Kultúrafogyasztás generációs szemszögből témát választottam, amit később szűkítettem, az alábbi címre :A színházlátogatás generációs eltérései Magyarországon. Gyermekkorom óta érdekel a színház világa, ezért kíváncsi lettem arra, hogy az én korosztályom és az idősebb generációk között milyen eltérések figyelhetők meg a színházba járás gyakorisága, a kedvelt műfajok és a motivációk terén. Arra is kerestem a választ, hogy milyen tényezők – például a jegyárak, a digitalizáció vagy a színházi marketing – befolyásolják a különböző korcsoportok színházhoz fűződő viszonyát. Kutatásom során kérdőíves felmérést és félig strukturált interjúkat készítettem, hogy minél szélesebb képet kapjak. Eredményeim rámutattak arra, hogy a generációk eltérően viszonyulnak a színházhoz, és ennek megértése kulcsfontosságú lehet a jövő színházának alakításában. | |
| 695 | |a generációk | ||
| 695 | |a közönségkutatás | ||
| 695 | |a Magyarország | ||
| 695 | |a színház | ||
| 695 | |a színházkultúra | ||
| 700 | 1 | |a Schultz Dr. Éva |e ths | |
| 856 | 4 | 0 | |u http://dolgozattar.uni-bge.hu/59567/1/Orban_Leticia_Szakdolgozat.pdf |z Dokumentum-elérés |
| 856 | 4 | 0 | |u http://dolgozattar.uni-bge.hu/59567/2/Mell%C3%A9klet.pdf |z Dokumentum-elérés |
| 856 | 4 | 0 | |u http://dolgozattar.uni-bge.hu/59567/3/Orb%C3%A1n%20Let%C3%ADcia.pdf |z Dokumentum-elérés |
| 856 | 4 | 0 | |u http://dolgozattar.uni-bge.hu/59567/4/Orb%C3%A1n%20Let%C3%ADcia_konzulensi_Schultz%20%C3%89va.pdf |z Dokumentum-elérés |